000 00313nam a22001337a 4500
008 181122b xxu||||| |||| 00| 0 eng d
020 _a9780136057727
041 _aeng
080 _28th
_a610
100 _a4
101 _aSHM
245 _aAn Introduction to Theories of Learning
_cOlson,M.H
942 _2udc
_cBK
999 _c52352
_d52352